Brazil's World Cup Opponents - Statistics

General Stats
  • This quiz has been taken 212 times
  • The average score is 86 of 101
Answer Stats
When Played Answer % Correct
2002-Final | 2014-Semi Final Germany
99%
1974-Semi Final | 1978-Quarter Final | 1982-Quarter Final | 1990-Round of 16 Argentina
98%
1958-Semi Final | 1986-Quarter Final | 1998-Final | 2006-Quarter Final France
97%
1958-Group D | 1962-Quarter Final | 1970-Group C | 2002-Quarter Final England
96%
1938- Semi Final | 1970-Final | 1978-Third Place Match | +2 others Italy
95%
1994-Round of 16 United States
94%
1950-Final | 1970-Semi Final Uruguay
94%
1950- Group A | 1954-Group A | 1962-Group C | 2014-Group A Mexico
93%
1994-Quarter Final | 1998-Semi Final | 2010-Quarter Final | 2014-Third Place Match Netherlands
93%
1966-Group C | 2010-Group G Portugal
93%
1938- Third Place Match | 1950- Quarter Final | 1958-Final | +3 others Sweden
93%
1934-Round of 16 | 1950- Semi Final | 1962-Group C | +2 others Spain
92%
1962-Semi Final | 1998-Round of 16 | 2010-Round of 16 | 2014-Round of 16 Chile
88%
2006-Group F Japan
88%
2002-Round of 16 Belgium
87%
2014-Quarter Final Colombia
87%
2006-Group F | 2014-Group A Croatia
87%
1994-Group B | 2014-Group A Cameroon
85%
1954- Quarter Final | 1966-Group C Hungary
85%
1938-Round of 16 | 1974-Third Place Match | 1978-Semi Final | 1986-Round of 16 Poland
85%
1994-Group B Russia
84%
1974-Group B | 1982-Group F | 1990-Group C | 1998-Group A Scotland
84%
1998-Group A Norway
83%
2002-Group C | 2002-Semi Final Turkey
83%
1950-Group A Switzerland
81%
1930-Group B | 1950- Group A | 1954-Group A | 1974-Group B Yugoslavia
81%
1958-Group D | 1978-Group C Austria
80%
1970-Quarter Final | 1978-Group C Peru
80%
2006-Group F Australia
79%
1998-Quarter Final Denmark
79%
1958-Group D | 1982-Group F Soviet Union
78%
1990-Group C | 2002-Group C Costa Rica
74%
1938-Quarter Final | 1962-Final | 1962-Group C | 1970-Group C Czechoslovakia
74%
1958-Quarter Final Wales
74%
2002-Group C China
73%
2010- Group G North Korea
72%
1966-Group C Bulgaria
70%
2006-Round of 16 Ghana
70%
1930-Group B Bolivia
67%
2010-Group G Ivory Coast
67%
1970-Group C Romania
67%
1998-Group A Morocco
65%
1986-Group D Algeria
63%
1982-Group F New Zealand
61%
1986-Group D Northern Ireland
56%
1974-Group B Zaire
53%
1974-Quarter Final East Germany
49%
No matching quizzes found
Score Distribution
Percent of People with Each Score
Percentile by Number Answered
Your Score History
You have not taken this quiz